25 Most Populous Andhra Cities - Statistics

General Stats
  • This quiz has been taken 9 times
  • The average score is 16 of 25
Answer Stats
Rank City Population % Correct
1 Visakhapatnam 2,335,922
100%
20 Chittoor 192,722
88%
3 Guntur 843,354
88%
9 Kadapa 466,893
88%
14 Ongole 328,344
88%
22 Srikakulam 192,372
88%
2 Vijayawada 2,276,931
88%
12 Anantapur 378,020
75%
7 Kakinada 576,333
75%
6 Kurnool 604,128
75%
13 Nandyal 361,424
75%
4 Nellore 647,621
75%
5 Rajamahendravaram 637,633
75%
8 Tirupati 525,323
75%
23 Bhimavaram 146,961
63%
10 Eluru 437,161
63%
17 Machilipatnam 199,892
63%
11 Vizianagaram 388,720
50%
21 Hindupur 192,677
38%
19 Proddatur 193,970
38%
15 Adoni 214,625
25%
25 Guntakal 126,270
25%
16 Madanapalle 210,180
25%
18 Tenali 194,937
25%
24 Tadepalligudem 130,348
13%
No matching quizzes found
Score Distribution
Percent of People with Each Score
Percentile by Number Answered
Your Score History
You have not taken this quiz